Foreign enterprise in India : (Record no. 42128)
[ view plain ]
| 000 -LEADER | |
|---|---|
| fixed length control field | 00814nam a2200253 a 4500 |
| 001 - CONTROL NUMBER | |
| control field | 42128 |
| 003 - CONTROL NUMBER IDENTIFIER | |
| rucl marc code | BD-RjUL |
| 005 - DATE AND TIME OF LATEST TRANSACTION | |
| control field | 20211209053510.0 |
| 008 - FIXED-LENGTH DATA ELEMENTS--GENERAL INFORMATION | |
| fixed length control field | 160609s19661965ncu 000 0 eng u |
| 035 ## - SYSTEM CONTROL NUMBER | |
| System control number | (OCoLC)19441288 |
| System control number | (OCoLC)ocm19441288 |
| System control number | (BD-RjUL)42246 |
| System control number | (NNC)2562354 |
| 040 ## - CATALOGING SOURCE | |
| Transcribing agency | MLL |
| Modifying agency | m.c. |
| -- | NNC |
| Original cataloging agency | BD-RjUL |
| Language of cataloging | eng |
| 041 ## - LANGUAGE CODE | |
| Language code of text/sound track or separate title | eng |
| 082 ## - DEWEY DECIMAL CLASSIFICATION NUMBER | |
| Edition number | 23 |
| Classification number | 658.1 |
| Author mark and year | KUF 1966 |
| 100 1# - MAIN ENTRY--PERSONAL NAME | |
| Personal name | Kust, Matthew J. |
| 9 (RLIN) | 129557 |
| 245 10 - TITLE STATEMENT | |
| Title | Foreign enterprise in India : |
| Remainder of title | laws and policies / |
| Statement of responsibility, etc. | by Matthew J. Kust. |
| 260 ## - PUBLICATION, DISTRIBUTION, ETC. (IMPRINT) | |
| Place of publication, distribution, etc. | Chapel Hill : |
| Name of publisher, distributor, etc. | University of North Carolina Press, |
| Date of publication, distribution, etc. | 1965 [r1966] |
| 300 ## - PHYSICAL DESCRIPTION | |
| Pagination | v, 498 p. ; |
| Size | 23 cm. |
| 650 #0 - SUBJECT ADDED ENTRY--TOPICAL TERM | |
| Topical term or geographic name as entry element | Business enterprises, Foreign |
| Geographic subdivision | India. |
| 9 (RLIN) | 129558 |
| Topical term or geographic name as entry element | Investments, Foreign |
| General subdivision | Law and legislation |
| Geographic subdivision | India. |
| 9 (RLIN) | 129559 |
| 942 ## - ADDED ENTRY ELEMENTS (KOHA) | |
| Source of classification or shelving scheme | Dewey Decimal Classification |
| Koha item type | Books |
| Lost status | Source of classification or shelving scheme | Damaged status | Not for loan | Collection code | Permanent Location | Current Location | Shelving location | Date acquired | Total Checkouts | Full call number | Date last seen | Copy number | Koha item type |
|---|---|---|---|---|---|---|---|---|---|---|---|---|---|
| Dewey Decimal Classification | Non-fiction | Central Library, University of Rajshahi | Central Library, University of Rajshahi | 09/06/2016 | 658.1 KUF 1966 | 09/06/2016 | C-2 | Books |